Minkä valtion naapurimaa ei ole... - Statistics

Yleistilastot
  • Tätä visaa on pelattu 1 731 kertaa
  • Keskiarvotulos 12 / 18
Vastaustilastot
Kysymys Vastaus % Oikein
Saksa Italia
92%
Ukraina Serbia
89%
Egypti Marokko
87%
Kiina Japani
78%
Brasilia Chile
72%
Venäjä Armenia
71%
Etiopia Tansania
70%
Indonesia Thaimaa
68%
Argentiina Peru
67%
Ranska Liechtenstein
65%
Etelä-Afrikka Sambia
64%
Myanmar Vietnam
58%
Venezuela Suriname
53%
Turkki Libanon
52%
Saudi-Arabia Syyria
52%
Kroatia Italia
49%
Guatemala Nicaragua
49%
Afganistan Intia
38%
Ehtoja vastaavia visoja ei löytynyt
Tulosjakauma
Jokaisen tuloksen saaneiden osuus
Persentiili vastausten määrän mukaan
Tuloshistoriasi
Et ole pelannut tätä visaa